5HLuxD.jpg

KING HENRY VIII SENIOR AND PRIMARY SCHOOL LIBRARY OPAC

Return to Planet Hulk / (Record no. 213)

000 -LEADER
fixed length control field 01277pam a2200385 i 4500
001 - CONTROL NUMBER
control field 021207423
003 - CONTROL NUMBER IDENTIFIER
control field UkOxU
005 - DATE AND TIME OF LATEST TRANSACTION
control field 20190801103222.0
008 - FIXED-LENGTH DATA ELEMENTS--GENERAL INFORMATION
fixed length control field 171129s2018 enka 6 |0|0|1|eng d
015 ## - NATIONAL BIBLIOGRAPHY NUMBER
National bibliography number GBB848132
Source bnb
016 7# - NATIONAL BIBLIOGRAPHIC AGENCY CONTROL NUMBER
Record control number 018786456
Source Uk
020 ## - INTERNATIONAL STANDARD BOOK NUMBER
International Standard Book Number 9781846538957
Qualifying information paperback
035 ## - SYSTEM CONTROL NUMBER
System control number (Uk)018786456
040 ## - CATALOGING SOURCE
Original cataloging agency StDuBDS
Language of cataloging eng
Description conventions rda
Transcribing agency StDuBDS
Modifying agency Uk
042 ## - AUTHENTICATION CODE
Authentication code ukblsr
082 04 - DEWEY DECIMAL CLASSIFICATION NUMBER
Classification number FIC PAK
Edition number 23
100 1# - MAIN ENTRY--PERSONAL NAME
Personal name Pak, Greg,
Relator term author.
245 10 - TITLE STATEMENT
Title Return to Planet Hulk /
Statement of responsibility, etc. writer, Greg Pak ; penciller, Greg Land ; editor, Mark Paniccia ; editor in chief, C.B. Cebulski.
264 #1 - PRODUCTION, PUBLICATION, DISTRIBUTION, MANUFACTURE, AND COPYRIGHT NOTICE
Place of production, publication, distribution, manufacture Tunbridge Wells, Kent :
Name of producer, publisher, distributor, manufacturer Panini Publishing,
Date of production, publication, distribution, manufacture, or copyright notice 2018.
300 ## - PHYSICAL DESCRIPTION
Extent 1 volume (unpaged) :
Other physical details illustrations (colour) ;
Dimensions 26 cm.
336 ## - CONTENT TYPE
Content type term text
Source rdacontent
336 ## - CONTENT TYPE
Content type term still image
Source rdacontent
337 ## - MEDIA TYPE
Media type term unmediated
Source rdamedia
338 ## - CARRIER TYPE
Carrier type term volume
Source rdacarrier
490 0# - SERIES STATEMENT
Series statement The Incredible Hulk
500 ## - GENERAL NOTE
General note Formerly CIP.
Institution to which field applies Uk
600 00 - SUBJECT ADDED ENTRY--PERSONAL NAME
Personal name Hulk
Titles and other words associated with a name (Fictitious character)
Form subdivision Comic book, strips, etc.
-- Fiction.
655 #7 - INDEX TERM--GENRE/FORM
Genre/form data or focus term Comics (Graphic works)
Source of term lcgft
655 #7 - INDEX TERM--GENRE/FORM
Genre/form data or focus term Graphic novel
700 1# - ADDED ENTRY--PERSONAL NAME
Personal name Land, Greg,
Relator term artist.
700 1# - ADDED ENTRY--PERSONAL NAME
Personal name Paniccia, Mark,
Relator term editor.
700 1# - ADDED ENTRY--PERSONAL NAME
Personal name Cebulski, C. B.,
Relator term editor.
942 ## - ADDED ENTRY ELEMENTS (KOHA)
Source of classification or shelving scheme
Koha item type Books - Fiction
Holdings
Withdrawn status Lost status Source of classification or shelving scheme Damaged status Not for loan Collection code Permanent Location Current Location Shelving location Date acquired Full call number Barcode Date last seen Price effective from Koha item type
      Damaged   Fiction KH8 Senior School Library KH8 Senior School Library Graphic Novel 2019-08-01 FIC PAK 3KHSL000100265 2019-08-01 2019-08-01 Books - Fiction

Powered By KH8 IT Dept